| 000 | 00903cab a2200205 4500 | ||
|---|---|---|---|
| 001 | ##ABS68775 | ||
| 008 | 050221n2005 000 0 eng u | ||
| 035 | _a(Sirsi) u128851 | ||
| 100 | 1 | _aRyder, B. | |
| 245 | 0 | 4 | _aThe sustainable communities summit 2005 |
| 260 | _c2005 | ||
| 490 | 0 |
_aBuilding _v270(8366) 28 January 2005, 41-52(13) |
|
| 520 | _aFocuses on how the £22bn sustainable communities plan is faring. Assembles a think-tank of experts to discuss regeneration including issues such as mistakes that are being made and how the processes can be made to work better. Also includes the latest proposals to build £60 000 houses for first time buyers. | ||
| 590 | _aABS | ||
| 650 | 2 | 4 | _aSUSTAINABLE COMMUNITIES: BUILDING FOR THE FUTURE |
| 650 | 2 | 4 | _aDCLG DESIGN FOR MANUFACTURE COMPETITION |
| 651 | 4 |
_aEngland _y886- |
|
| 690 | _aPROPERTY-PROPERTY MANAGEMENT-REGENERATION | ||
| 942 | _n0 | ||
| 999 |
_c74819 _d74819 |
||